Statistics for Word Scramble - Harry Potter

Click here to take the quiz!

General Stats

  • This quiz has been taken 26,133 times
  • The average score is 17 of 21

Answer Stats

Hint Answer % Correct
MNEOIRHEHermione
98%
NRORon
98%
YRARHHarry
98%
HCOCho
97%
EDFRFred
96%
OERGGEGeorge
95%
GYNINGinny
94%
EELBDORUDMDumbledore
94%
ILCFHFilch
93%
DELVORTOMVoldemort
92%
LTXRBELIABellatrix
91%
OCDRADraco
90%
NSPAESnape
87%
CERYPPercy
86%
IURISSSirius
85%
DWEHGIHedwig
84%
RVINMEAMinerva
78%
ELVLINENeville
65%
SANSKHKCOROCrookshanks
43%
GENILANAAngelina
33%
GPIDIWOENGPigwidgeon
28%

Score Distribution

Percentile by Number Answered

Percent of People with Each Score

Your Score History

You have not taken this quiz